Principales resultados e impactos de los proyectos del Programa URB-AL III = Main achievements and impacts of the URB-AL III Programme projects / Oficina de Coordinación y Orientación (OCO)

por Oficina de Coordinación y Orientación (OCO)

Publicado: Barcelona : Programa URB-AL III, DL 2013
Descripción Física: 122, 122 p. : il. ; 30 cm
Otros Autores: Programa Urb-al III

MARC

LEADER 00000nam a2200000Ia 4500
001 23892
008 160829s9999 xx 000 0 cat d
080 |a Bib-101 
100 |a Oficina de Coordinación y Orientación (OCO)  |9 50308 
245 |a Principales resultados e impactos de los proyectos del Programa URB-AL III = Main achievements and impacts of the URB-AL III Programme projects / Oficina de Coordinación y Orientación (OCO) 
260 |a Barcelona :  |b Programa URB-AL III, DL 2013 
300 |a 122, 122 p. :  |b  il. ;  |c 30 cm 
590 |a Publicació capiculada.  
590 |a Text en castellà i anglès 
610 2 0 |a Programa Urb-al III   |9 55363 
650 |a Ciutats  |x Amèrica Llatina   |9 47790 
650 0 |a Integració social  |x Amèrica Llatina  |9 47892 
650 |a Desenvolupament urbà  |x Amèrica Llatina  |9 47791 
700 |a Programa Urb-al III  
710 2 |a Oficina de Coordinación y Orientación Urb-al III  |9 54876 
901 |a Arxiu 
942 |n 1 
952 |0 0  |1 0  |4 0  |6 BIB101  |7 1  |9 55948  |a Arxiu  |b Arxiu  |d 2016-12-01  |l 0  |o Bib-101  |p 23892  |r 2016-12-01 00:00:00  |w 2016-12-01  |y ARXIU 
999 |c 59821  |d 59821